[Event "SV Roehrnbach 1-SK Starnberg 1"]
[Site "?"]
[Date "2024.10.20"]
[Round "2.2"]
[White "Fuchs, Florian"]
[Black "Flemming, Achim"]
[Result "1-0"]
[WhiteElo "2125"]
[BlackElo "2015"]
[Annotator "Stockfish 17"]
[PlyCount "39"]
[EventDate "2024.??.??"]
[WhiteTeam "SV Röhrnbach 1"]
[BlackTeam "SK Starnberg 1"]

{[%evp 9,39,97,97,108,111,100,130,141,197,205,405,409,398,408,398,421,423,434,
466,466,461,457,470,457,464,396,489,478,506,495,547,541]} 1. e4 e5 2. Nf3 Nc6
3. Bc4 Nf6 4. Ng5 Bc5 $2 (4... d5 5. exd5 Na5 6. Bb5+ c6 {usw. ist eine sehr
bekannte Spielweise}) 5. Bxf7+ Ke7 {[#] Und ...h6 würde nun gewinnen.} 6. Bc4
$16 (6. Bd5 Qe8 7. d3 d6 8. Bxc6 bxc6 9. Be3 {Anand,V-Beliavsky,A Linares 1991}
) 6... Rf8 7. O-O d6 8. Nc3 h6 {[#]} (8... Qe8 9. Nd5+ Kd8 10. c3 h6 11. Nxf6
Rxf6 12. Nf3 Bg4 13. Be2 {Van Wieringen-Mostertman cr NED M 1989}) 9. Nh7 $1 {
[%mdl 512]} Ng4 $2 (9... Nxh7 10. Nd5+ Ke8 11. Qh5+ Rf7 12. Nb6 {ist auch
stark für Weiß}) 10. Nd5+ $18 ({Jedoch nicht} 10. Nxf8 Kxf8 11. Na4 Na5 $18)
10... Ke8 {[%cal Rf8f2]} 11. Nxf8 Qh4 {[%csl Gg4][%cal Rh4h2]} 12. Nxc7+ {
[%mdl 64] Doppelangriff} Kxf8 {[%csl Gg4][%cal Rh4h2]} 13. Qf3+ Ke7 {[%csl Gg4]
[%cal Rh4h2]} 14. Qg3 Qxg3 15. hxg3 Rb8 16. Nd5+ Kd8 17. Ne3 Nd4 18. c3 {
Weiß steht klar auf Gewinn.} Nc6 19. b4 Bb6 20. Nd5 1-0

[Event "SV Roehrnbach 1-SK Starnberg 1"]
[Site "?"]
[Date "2024.10.20"]
[Round "2.3"]
[White "Litzka, Matthias"]
[Black "Neuwerth, Chulian"]
[Result "1-0"]
[WhiteElo "2008"]
[BlackElo "1973"]
[Annotator "Stockfish 17"]
[PlyCount "129"]
[EventDate "2024.??.??"]
[WhiteTeam "SK Starnberg 1"]
[BlackTeam "SV Röhrnbach 1"]

{[%evp 9,128,29,32,32,21,24,28,23,22,13,55,49,262,212,248,146,236,162,202,191,
230,193,240,236,237,113,152,163,197,188,204,192,278,266,267,272,265,262,268,
257,275,280,364,358,361,349,395,400,398,326,333,316,339,336,389,324,391,312,
347,323,345,350,357,348,323,281,285,268,351,281,269,265,252,0,0,0,0,0,100,93,
266,240,249,205,235,244,234,258,254,249,238,41,326,284,258,0,0,0,12,10,10,9,11,
0,10,12,31,0,7,2,655,646,29988,29989,29989,29990,29997,29998,29998,29999,29999]
} 1. c4 e5 2. Nc3 Bb4 3. e4 ({möglich ist auch} 3. Nd5 Be7 4. d4 d6 5. e4 c6
6. Nxe7 Qxe7 7. Ne2 f5 8. dxe5 Qxe5 9. exf5 Nf6 10. Qd4 $1 $16 {Kasparov,
G-Shirov,A Novgorod 1994}) 3... Bxc3 4. dxc3 (4. bxc3 d6 5. d4 Nc6 6. Be3 f5 7.
exf5 Bxf5 8. Ne2 Nge7 9. Ng3 O-O 10. Bd3 Bxd3 11. Qxd3 {Bukal,V-Groszpeter,A
Noviki-B Budapest 1987}) 4... Ne7 (4... Nf6 5. Nf3 d6 6. Nd2 O-O 7. g3 a6 8.
Bg2 Nbd7 {Rowson,J-Brady,S Bunratty Masters Irland 1998}) 5. Bd3 d6 6. Ne2 O-O
7. O-O Nbc6 8. Be3 Ng6 9. c5 d5 10. exd5 Nce7 $2 (10... Qxd5 $14 11. Bxg6 Qxd1
12. Bxf7+ (12. Raxd1 hxg6 13. c4 Be6 $15) 12... Kxf7 13. Rfxd1 Be6 $14) 11. Bc4
$18 (11. c4 Nf5 12. Bxf5 Bxf5 13. b4 $18) 11... Kh8 12. f4 (12. f3 $18) 12...
Nf5 (12... Bg4 $16 {war einen Versuch wert.}) 13. Bd2 (13. Qd2 $142) 13... Qe7
14. b4 e4 15. Nd4 (15. Ng3 $142) 15... e3 16. Nxf5 Bxf5 {[#]} 17. Be1 $16 (17.
Re1 $1 $18 {ist viel giftiger.}) 17... a5 18. Qd4 axb4 19. cxb4 Rfe8 20. Bc3 {
[%csl Gc3][%cal Rd4g7]} f6 (20... Qf8 $142) 21. Rae1 $1 $18 Nh4 22. g3 Qf7 23.
Rxe3 (23. gxh4 $2 Qg6+ 24. Kh1 Be4+ 25. Qxe4 Qxe4+ 26. Kg1 Qxc4 $19) 23... Rxe3
24. Qxe3 Re8 25. Qf2 {Weiß gewinnt} Bh3 26. Re1 Rxe1+ 27. Bxe1 Nf5 28. Qe2 Qd7
29. Bc3 Ne7 30. Qe4 Bf5 31. Qd4 Bh3 32. Kf2 h5 33. b5 h4 34. a4 hxg3+ 35. hxg3
Nf5 36. Qe4 Nh6 37. Be2 Bf5 38. Qd4 Bc2 39. c6 bxc6 40. bxc6 Qh3 41. Ba5 $2 {
vergibt den Sieg} (41. d6 $1 $18 {[%cal Rd6d7]} Nf5 (41... cxd6 42. c7 (42.
Qxd6 Nf5 $11 {[%mdl 64] Doppelangriff})) 42. d7 Qxg3+ 43. Kf1 Ne3+ 44. Qxe3
Qxe3 45. d8=Q+ $18) 41... Nf5 $11 {( -> ...Dh2+)} 42. Qc3 Qh2+ 43. Ke1 Qh1+ $6
(43... Bxa4 $11 {hält das Gleichgewicht.} 44. Bxc7 Qh1+ 45. Kd2 (45. Kf2 Qh2+
46. Ke1 Qh1+ 47. Kf2 Qh2+ 48. Ke1 $11) 45... Qxd5+ {[%mdl 64] Doppelangriff}
46. Qd3 Qc5) 44. Kd2 $16 Qxd5+ $2 (44... Bxa4 $16 {war nötig.} 45. Qc4 (45.
Bxc7 Qxd5+ {[%mdl 64] Doppelangriff} 46. Qd3 Qa2+ 47. Ke1 Qa1+ 48. Kf2 Bxc6 $11
) 45... Nxg3) 45. Kxc2 $18 Nd4+ 46. Kd2 Nb3+ 47. Ke1 Nxa5 48. Bf3 Qe6+ 49. Kf2
Qa2+ 50. Ke3 $2 (50. Kg1 $1 $18 Qb1+ 51. Kg2 Qa2+ 52. Kh3 Qe6+ 53. Kg2 Qa2+ 54.
Kh3 Qe6+ 55. g4) 50... Qxa4 $2 {[%mdl 8192]} (50... Nc4+ $142 $14 51. Kd3 Nb2+
52. Ke2 Nc4+ 53. Kd3 Nb2+ 54. Ke2 Nc4+ 55. Ke1 Qxa4) 51. Bd5 Qb5 {[#]} 52. Ke4
$2 $11 (52. Kd4 $1 $18 Qb6+ 53. Ke4 Qb1+ 54. Ke3) 52... Qe2+ $11 53. Qe3 Qg2+
54. Qf3 Qc2+ {[%mdl 64] Doppelangriff} 55. Kd4 Qb2+ $1 56. Kd3 {[%cal Rf3h5]}
Qb1+ 57. Ke3 {jetzt Dh5+ und aus.} Qc1+ (57... Qe1+ {hält die Spannung
aufrecht.} 58. Kd3 Qb1+ 59. Kc3 Qe1+ 60. Kb2 Qb4+) 58. Kf2 {[%cal Rf3h5]} (58.
Kd4 {mit weiteren Verwicklungen.} Qb2+ 59. Kd3 Qb1+ 60. Kc3 Qe1+ 61. Kb2) 58...
Qd2+ 59. Kg1 {[%cal Rf3h5]} g6 $4 {[%mdl 8192] [#]} (59... Qd4+ $11 60. Kh1 g6
{bleibt remis}) 60. Qe4 $1 $18 {[%cal Re4e8] Weiss will mit De8+ Matt setzen.}
Qd1+ 61. Kg2 {Weiß setzt Matt.} Qd2+ 62. Kh3 Qd1 63. Qe8+ Kg7 64. Qg8+ Kh6 65.
Qh8# 1-0

[Event "SV Roehrnbach 1-SK Starnberg 1"]
[Site "?"]
[Date "2024.10.20"]
[Round "2.4"]
[White "Hittinger, Christian"]
[Black "Wehr, Stephan"]
[Result "1/2-1/2"]
[WhiteElo "1969"]
[BlackElo "1996"]
[Annotator "Stockfish 17"]
[PlyCount "40"]
[EventDate "2024.??.??"]
[WhiteTeam "SV Röhrnbach 1"]
[BlackTeam "SK Starnberg 1"]

{[%evp 9,40,22,27,25,51,18,21,17,53,30,55,-8,15,-23,-27,-29,-19,-18,17,13,12,
18,22,-42,-34,-23,-1,-8,-6,4,9,-26,-1]} 1. e4 c5 2. c3 Nf6 3. e5 Nd5 4. Bc4 Nb6
5. Bb3 c4 6. Bc2 g6 7. Nf3 Bg7 8. O-O O-O 9. a4 Nc6 10. Qe2 Na5 11. Re1 d6 12.
h3 dxe5 13. Nxe5 Be6 14. d4 cxd3 $1 15. Nxd3 Bb3 16. Nc5 $6 (16. Na3 $142 $11)
16... Bxc2 $15 17. Qxc2 Qc7 18. Nb3 Nd5 19. Nxa5 Qxa5 20. Bd2 Qc7 1/2-1/2

[Event "SV Roehrnbach 1-SK Starnberg 1"]
[Site "?"]
[Date "2024.10.20"]
[Round "2.5"]
[White "Goedel, Robert"]
[Black "Reineke, Malte"]
[Result "0-1"]
[WhiteElo "1988"]
[BlackElo "1920"]
[Annotator "Stockfish 17"]
[PlyCount "50"]
[EventDate "2024.??.??"]
[WhiteTeam "SK Starnberg 1"]
[BlackTeam "SV Röhrnbach 1"]

{[%evp 15,50,45,48,13,139,92,95,19,16,25,19,22,25,29,30,-24,-15,-219,-209,-206,
-17,-16,-16,-20,-23,-273,-281,-282,-275,-294,-283,-278,-263,-290,-232,-251,
-238]} 1. Nf3 d6 2. e4 Nf6 3. Nc3 g6 4. d4 Bg7 5. h3 O-O 6. Be2 a6 7. a4 b6 8.
O-O Bb7 9. d5 c5 $2 (9... c6 $11) 10. Nd2 (10. Bg5 Qc7 11. Qd2 Nbd7 12. Rad1
$16) 10... Nbd7 11. Nc4 $11 (11. Re1 $16) 11... b5 $11 12. axb5 axb5 13. Rxa8
Qxa8 14. Nxb5 Nxe4 15. Bf3 Nef6 {[%cal Rb7d5]} (15... Bxd5 $2 16. Nc7 $1 $18)
16. Re1 $2 (16. Qd2 $11 {und Weiss steht sicher.}) 16... Bxd5 $19 ({Nur nicht} 
16... Nxd5 $2 17. Bxd5 Bxd5 18. Nc7 $1 $18) 17. Rxe7 {[#] Und weiter mit Lxd5
wäre nett.} Bxf3 $2 $11 (17... Qd8 $1 $19 18. Bxd5 Qxe7) 18. Qxf3 $11 Qxf3 19.
gxf3 d5 20. Ne3 $2 (20. Ncd6 $11 {und Weiss ist OK.}) 20... Rb8 $19 21. Nc7 Bf8
22. Ncxd5 Bxe7 23. Nxe7+ Kg7 24. b3 Ne8 25. Bb2+ f6 0-1

[Event "SV Roehrnbach 1-SK Starnberg 1"]
[Site "?"]
[Date "2024.10.20"]
[Round "2.6"]
[White "Berisha, Regjep"]
[Black "Absmaier, Friedrich"]
[Result "1/2-1/2"]
[WhiteElo "1910"]
[BlackElo "1979"]
[Annotator "Stovckfish 17"]
[PlyCount "31"]
[EventDate "2024.??.??"]
[WhiteTeam "SV Röhrnbach 1"]
[BlackTeam "SK Starnberg 1"]

{[%evp 9,31,-8,-8,-51,-43,-55,-23,-51,21,0,0,0,0,-80,17,13,15,11,8,-28,-31,-35,
-36,-76]} 1. e4 e6 2. d4 d5 3. e5 c5 4. f4 cxd4 5. Nf3 Nc6 6. a3 Nh6 7. Bd3 f6
8. O-O Nf7 9. Nbd2 g6 {[%cal Rf6e5]} 10. exf6 Qxf6 11. Ng5 $6 (11. b4 $11)
11... Bg7 (11... Nxg5 $17 12. fxg5 Qg7) 12. Nxf7 Qxf7 13. Nf3 O-O 14. h4 Qe7
15. h5 e5 16. fxe5 1/2-1/2

[Event "SV Roehrnbach 1-SK Starnberg 1"]
[Site "?"]
[Date "2024.10.20"]
[Round "2.7"]
[White "Pappenheim, Rainer"]
[Black "Wolf, Andreas"]
[Result "1/2-1/2"]
[WhiteElo "1955"]
[BlackElo "1970"]
[Annotator "Stockfish 17"]
[PlyCount "98"]
[EventDate "2024.??.??"]
[WhiteTeam "SK Starnberg 1"]
[BlackTeam "SV Röhrnbach 1"]

{[%evp 16,98,64,64,68,56,60,56,60,37,52,-2,8,-37,-34,-36,-35,-139,-92,-207,
-181,-247,-259,-265,-248,-253,-181,-194,-158,-169,-174,-209,-191,-179,-190,
-188,-168,-227,-156,-210,-154,-169,-164,-207,-136,-234,-166,-221,-213,-291,
-290,-302,-252,-293,-221,-220,-246,-227,-138,-132,-128,-129,-134,-136,-135,
-127,-79,-103,-93,-116,-33,-48,-9,-8,0,0,0,0,0,0,0,0,0,0,0]} 1. e4 c6 2. d4 d5
3. Nc3 dxe4 4. Nxe4 Nf6 5. Nxf6+ gxf6 6. Nf3 Bg4 7. Be2 e6 8. Bf4 (8. O-O Nd7
9. c4 $16) 8... Bd6 9. Qd2 Qc7 10. Bxd6 Qxd6 11. O-O Nd7 {[%cal Bb8d7,Bd7b6,
Bb6c4][%mdl 32]} 12. Rfd1 O-O-O 13. Qa5 Kb8 14. b4 Rhg8 15. c4 Qf4 16. Kh1 $2 (
16. c5 $15 e5 17. dxe5 fxe5 18. b5 e4 $132) 16... Nb6 17. b5 $2 {[#]} (17. Qa3
$17) 17... Nxc4 $1 $19 {[%mdl 512]} 18. Qb4 (18. Qc3 {war einen Versuch wert.}
cxb5 19. h3) 18... cxb5 19. Qxb5 Nd6 $19 20. Qb3 Qe4 (20... Rc8 $5) 21. Rd2 Qd5
22. Qxd5 exd5 23. Kg1 Rde8 24. Kf1 Nc4 25. Rc2 Rc8 {Droht ...Se3+! und aus.}
26. Rac1 {[%cal Re2c4]} Be6 (26... Bf5 $1 27. Rc3 b5 $19) 27. g3 Rc6 28. Bd3 h6
29. Kg2 Rgc8 30. Ne1 (30. Nh4 $17) 30... b5 31. h4 Kb7 32. Kh2 a5 33. Be2 Bf5
34. Bd3 Bg6 35. Bxg6 fxg6 $19 {Schwarz hat gute Gewinnchancen} 36. Nd3 Re8 (
36... Nd6 37. Nc5+ Ka7 $19) 37. Nf4 Re4 38. Nxd5 Rxd4 $17 39. Ne7 Re6 40. Nxg6
Kb6 41. Nf4 Red6 42. Kh3 Rd2 {die Stellung verflacht zum Remis} ({Besser ist} 
42... a4 $17) 43. Kg4 $15 Rxc2 44. Rxc2 {[%mdl 4096] Endspiel KTS-KTS. Die
Stellung ist ausgeglichen.} Kc5 45. Kf5 b4 46. Ne6+ Kd5 47. Nc7+ Kc5 48. Ne6+
Kd5 49. Nc7+ Kc5 1/2-1/2

[Event "SV Roehrnbach 1-SK Starnberg 1"]
[Site "?"]
[Date "2024.10.20"]
[Round "2.8"]
[White "Kallab, Kurt Josef"]
[Black "Ohlhof, Johannes"]
[Result "1/2-1/2"]
[WhiteElo "1874"]
[BlackElo "1882"]
[Annotator "Stockfish 17"]
[PlyCount "179"]
[EventDate "2024.??.??"]
[WhiteTeam "SV Röhrnbach 1"]
[BlackTeam "SK Starnberg 1"]

{[%evp 9,179,1,25,-10,9,-14,1,-33,-32,-39,-36,-35,-18,-23,-21,-23,-15,-39,-38,
-31,-31,-45,-37,-52,-52,-93,-90,-171,-85,-207,-78,-62,-47,-54,-62,-63,-2,0,0,0,
-3,-29,-28,-34,-18,-23,-24,-21,-7,-43,4,3,2,-12,-6,-21,0,0,0,0,-1,-3,0,1,3,0,0,
4,4,2,3,0,0,0,0,0,0,0,39,4,3,5,9,0,0,0,0,0,0,0,0,0,5,2,5,0,8,0,0,0,0,0,0,0,0,0,
0,0,0,0,0,0,0,0,0,0,0,0,0,0,0,0,0,0,0,0,0,0,0,0,0,0,0,0,0,0,0,0,0,0,0,0,0,0,0,
0,0,0,0,0,0,0,0,0,0,0,0,0,0,0,0,0,0,0,0,0,0,0,0,0,0,0]} 1. d4 d5 2. Nf3 Nf6 3.
Bf4 c5 4. c3 e6 5. e3 Be7 6. Bb5+ Nbd7 7. Ne5 O-O 8. Nxd7 Bxd7 9. Bxd7 Qxd7 10.
O-O Rfe8 11. Nd2 Qb5 12. Qb3 Qxb3 13. Nxb3 c4 $15 14. Nd2 b5 15. Bg5 a5 16. a4
b4 17. f4 Rab8 {[#]} 18. Ra2 $2 {der Turm steht da recht deplaziert} (18. Bxf6
$17 Bxf6 19. Rab1) 18... Rb7 (18... Ng4 $19 {Und weiter mit ...f6 wäre nett.}
19. Bxe7 Rxe7 20. Re1 f5) 19. f5 $6 {[#]} (19. Bxf6 $17 Bxf6 20. e4) 19... bxc3
(19... h6 $1 $19 {[%cal Rh6g5] und Schwarz behält klar die Oberhand.} 20. Bh4
Ng4 21. Bxe7 Rbxe7) 20. bxc3 $17 Reb8 21. fxe6 fxe6 22. e4 Nxe4 (22... Ng4 $15
23. Bxe7 Rxe7) 23. Nxe4 $11 dxe4 24. Bxe7 Rxe7 $11 {[%mdl 4096] Endspiel
KTT-KTT} 25. Re1 Rb3 26. Re3 e5 {[#] Und ...exd4 würde nun gewinnen.} (26...
Rb1+ {fühlt sich spannender an.} 27. Kf2 Rf7+ 28. Kg3 Rc1 29. Rae2 Rff1) 27.
Rxe4 Rxc3 28. dxe5 Kf7 29. Rb2 Rb3 30. Rf2+ Ke8 31. e6 Rb1+ 32. Rf1 Rxf1+ 33.
Kxf1 $11 {KT-KT} Rc7 34. Ke1 c3 35. Kd1 c2+ 36. Kc1 Ke7 37. Re5 Rc4 38. Rxa5 {
Schwarz sollte Ta7+ verhindern.} Kxe6 39. Ra6+ Kf5 40. Ra5+ Kf6 41. Ra6+ Kg5
42. Ra7 Kh6 43. a5 Rf4 44. Rc7 ({Bloß nicht} 44. Kxc2 $6 Rf2+ 45. Kb3 Rxg2 $16
) 44... Ra4 $11 45. Rc6+ g6 $1 46. a6 Ra2 47. h3 Kg5 48. g3 Kf5 49. Rc7 Rxa6
50. Rxh7 Ra2 51. Rf7+ Ke5 52. Re7+ Kf5 53. Rc7 Ra3 54. Rc5+ Kf6 55. g4 Rxh3 56.
g5+ Kf7 57. Kxc2 Rf3 58. Rc4 Rf5 59. Rg4 Ke6 60. Kd3 Ra5 61. Rg1 Kf5 62. Ke3
Ra3+ 63. Kf2 Kf4 {Weiss muss nun ...Ta2+ beachten.} 64. Rb1 Ra2+ 65. Kg1 Kxg5 {
das Turmendspiel ist klar remis [#]} 66. Rb4 Kf5 67. Rc4 g5 68. Rb4 Kg6 69. Rc4
Kh5 70. Rb4 g4 71. Rb8 Kg5 72. Rg8+ Kh4 73. Rb8 Kh3 {zielt auf ...Ta1+ ab.} 74.
Rb1 g3 75. Kh1 Rf2 76. Kg1 Rf3 77. Rb8 Rf4 78. Rh8+ Kg4 79. Rg8+ Kf3 80. Ra8 (
80. Rb8 {mit weiteren Verwicklungen.} Kg4 81. Rg8+ Kh3 82. Re8 Rb4 83. Rh8+)
80... Re4 {[%cal Re4e1]} 81. Rf8+ Kg4 82. Rg8+ Kh3 {[%cal Re4e1]} 83. Rh8+ Rh4
84. Rxh4+ (84. Rf8 {ist vielschichtiger.} Kg4 85. Kg2 Rh2+ 86. Kg1 Rb2 87. Rg8+
) 84... Kxh4 {KB-K} 85. Kg2 Kg4 86. Kg1 Kf4 (86... Kh3 $5 87. Kh1 $8 Kh4 $11)
87. Kg2 Kg4 88. Kg1 Kf3 89. Kf1 Ke4 {( -> ...Kf3)} 90. Kg2 1/2-1/2

[Event "SK Freising 1-TV Tegernsee 1"]
[Site "?"]
[Date "2024.10.20"]
[Round "2.1"]
[White "Manakov, Ilya"]
[Black "Trapp, Maximilian"]
[Result "1/2-1/2"]
[WhiteElo "2297"]
[BlackElo "2168"]
[Annotator "Stockfish 17"]
[PlyCount "42"]
[EventDate "2024.??.??"]
[WhiteTeam "TV Tegernsee 1"]
[BlackTeam "SK Freising 1"]

{[%evp 18,42,56,59,66,63,52,23,19,24,66,4,4,-150,7,8,8,9,51,26,280,15,19,16,19,
25,22]} 1. c4 e6 2. Nf3 b6 3. g3 Bb7 4. Bg2 c5 5. O-O Nf6 6. Nc3 Be7 7. b3 Nc6
8. Bb2 O-O 9. d4 cxd4 10. Nxd4 Qb8 11. Nf3 Rd8 12. e3 d5 13. cxd5 Nb4 {[%cal
Rf6d5]} (13... Nxd5 14. Nxd5 Rxd5 $11) 14. Nd4 (14. e4 $14 {kämpft um Vorteil}
) 14... Nbxd5 $11 15. Bxd5 $2 {[#]} (15. Nxd5 $11 Bxd5 16. Bxd5 Rxd5 17. Qe2)
15... Bxd5 $2 (15... Nxd5 $17 16. Nxd5 Rxd5 {Stockfish bewertet mit - 1.40})
16. Nxd5 Rxd5 17. Qf3 Qd8 18. Rac1 Rc8 $2 {[%mdl 8192] ein bemerkenswerter
Fehler [#]} (18... Qe8 $11) 19. Rxc8 $2 (19. Nc6 $18 Rxc6 20. Rxc6 {hätte die
Lage beträchtlich verändert}) 19... Qxc8 20. Rc1 Rc5 21. Rxc5 Bxc5 1/2-1/2

[Event "SK Freising 1-TV Tegernsee 1"]
[Site "?"]
[Date "2024.10.20"]
[Round "2.2"]
[White "Brand, Leonhard"]
[Black "Thiel, Fabian"]
[Result "1/2-1/2"]
[WhiteElo "2046"]
[BlackElo "2154"]
[Annotator "Stockfish 17"]
[PlyCount "74"]
[EventDate "2024.??.??"]
[WhiteTeam "SK Freising 1"]
[BlackTeam "TV Tegernsee 1"]

{[%evp 11,74,19,18,15,25,13,30,19,44,-21,92,31,30,32,31,31,28,2,9,-1,1,-43,28,
-8,1,1,196,190,213,0,167,165,166,158,187,192,291,193,187,199,277,244,292,244,
281,168,174,168,170,170,181,157,204,200,195,165,171,54,50,54,61,0,2,0,0]} 1. e4
e5 2. Nf3 Nc6 3. Bc4 Nf6 4. d3 Bc5 5. c3 d6 6. O-O a6 7. a4 Ba7 8. Re1 Ng4 9.
Re2 Qf6 10. Na3 Be6 11. b4 Qg6 $14 12. Raa2 O-O 13. h3 Nf6 14. Kh2 Qh5 15. Bxe6
fxe6 16. Nc4 d5 17. exd5 exd5 18. Ncxe5 {Schwarz muss nun d4 beachten.} Nxe5 $2
(18... Bxf2 $1 $11 {und Schwarz steht sicher.} 19. Kh1 (19. Rxf2 Nxe5 20. Kg1
Nfd7 $11) (19. Nxc6 Ng4+ 20. Kh1 Rxf3 $15) 19... Bg3 20. Nxc6 bxc6) 19. Nxe5
$18 Rae8 {[#]} 20. Nf3 (20. g4 $142 $1 $18 {[%cal Rg4h5]} Qh4 21. f4) 20... h6
$2 (20... Ng4+ $1 $11 {und Schwarz ist OK.} 21. Kg1 Ne5) 21. Rxe8 Rxe8 22. Re2
$16 c6 23. Kg1 $16 a5 $6 (23... c5 $142 24. Rxe8+ Qxe8) 24. Qe1 Rxe2 25. Qxe2
Qf5 (25... Bb6 {ist wohl besser.} 26. b5 Qf7) 26. Be3 Qe6 27. Kf1 Bb8 28. Bb6 (
28. bxa5 $142 Qd7 29. Bd4) 28... Qxe2+ 29. Kxe2 axb4 30. cxb4 {[%mdl 4096]
Endspiel KLS-KLS} Kf7 31. Nd2 Bd6 32. Bc5 Bc7 33. a5 (33. Nb3 Nd7 34. Be3 $18)
33... Nd7 34. Bd4 (34. Nb3 $18) 34... Bd6 $14 35. Bc3 Nb8 $1 36. Nb3 Na6 37. d4
Nxb4 1/2-1/2

[Event "SK Freising 1-TV Tegernsee 1"]
[Site "?"]
[Date "2024.10.20"]
[Round "2.3"]
[White "Poelt, Christoph"]
[Black "Zill, Christoph"]
[Result "1/2-1/2"]
[WhiteElo "2127"]
[BlackElo "2080"]
[Annotator "Stockfish 17"]
[PlyCount "58"]
[EventDate "2024.??.??"]
[WhiteTeam "TV Tegernsee 1"]
[BlackTeam "SK Freising 1"]

{[%evp 9,58,24,44,30,39,15,52,54,49,52,49,54,51,51,50,46,46,27,32,29,29,21,40,
34,34,31,38,16,53,7,6,8,15,15,42,39,41,-7,-3,-8,21,24,88,33,33,7,11,16,11,15,
12]} 1. d4 e6 2. g3 f5 3. Bg2 Nf6 4. Nd2 Nc6 5. Ngf3 Be7 6. O-O O-O 7. Re1 Ne4
8. Nxe4 fxe4 9. Ne5 d5 $1 10. Nxc6 bxc6 11. f3 exf3 12. exf3 c5 13. dxc5 Bxc5+
14. Be3 Qd6 15. f4 Rb8 16. b3 Bb4 17. Bd2 a5 18. c3 Ba3 19. Bc1 Bc5+ 20. Be3
Bxe3+ 21. Rxe3 c5 22. Qd2 a4 23. Rb1 axb3 24. axb3 Rb6 25. Re5 Qb8 $6 (25... d4
$11) 26. Qc2 (26. Rbe1 Rxb3 27. Bxd5 Rb2 (27... exd5 28. Qxd5+ Be6 (28... Kh8
29. Re8 $18) 29. Rxe6 $18) 28. Qd3 $16) 26... Bd7 27. c4 dxc4 28. Qxc4 Rb4 29.
Qxc5 Rxb3 1/2-1/2